Súčasné otázky čínskeho akciového trhu

Prudký cenový rast čínskych akcií a otázky analytikov s tým súvisiace. Mimoriadne vysoké rastové hodnoty vyjadrujúce prehriaty a nafúknutý stav akciového trhu. Vládna kontrola a regulácia akciového trhu. Štruktúrovanosť akciového trhu. Slabá úroveň corporate governance a ochrany minoritných akcionár...

Ausführliche Beschreibung

Gespeichert in:
Bibliographische Detailangaben
1. Verfasser: Štrba, Michal
Format: Buchkapitel
Sprache:Slowakisch
Schlagworte:
Tags: Tag hinzufügen
Keine Tags, Fügen Sie das erste Tag hinzu!

MARC

LEADER 00000naa$a2200000$$$4500
001 0073552
005 20240502071856.5
041 0 |a slo 
044 |a SK 
245 1 0 |a Súčasné otázky čínskeho akciového trhu  |c Michal Štrba 
520 |a Prudký cenový rast čínskych akcií a otázky analytikov s tým súvisiace. Mimoriadne vysoké rastové hodnoty vyjadrujúce prehriaty a nafúknutý stav akciového trhu. Vládna kontrola a regulácia akciového trhu. Štruktúrovanosť akciového trhu. Slabá úroveň corporate governance a ochrany minoritných akcionárov. Charakter vysoko špekulatívneho trhu. 
610 2 0 |a burzy 
610 2 0 |a burzovníctvo 
610 2 0 |a akcie 
610 2 0 |a akcionári 
610 2 0 |a investori 
610 2 0 |a miera úroková 
610 2 0 |a papiere cenné 
610 2 0 |a spoločnosti akciové 
610 2 0 |a špekulácie 
610 2 0 |a Čína 
100 1 |a Štrba, Michal